[Vajanský, Svetozár Hurban]

Zobrazenie: Podobizeň s autogramom spisovateľa, literárneho vedca, redaktora, publicistu, politika, organizátora a ideológa slovenského národného hnutia Svetozára Hurbana Vajanského, asi z roku 1900 (16.1.1847 Hlboké - 17.8.1916 Martin).

Bibliographic Details
Other Authors: Socháň, Pavol, 1862-1941 (Photographer)
Format: Photo
Language:Slovak
PhysicalDescription:1 fotografia čb 18 x12 cm
Published: [S.l. s.n.] [1900]
Subjects:

MARC

LEADER 00000nkmaa2200000 a 4500
001 vtls011595283
003 SK-MaSNL
005 20260331210403.0
007 kh bo
008 230802s1900 xo | |||0 k|slo
035 |a FCEC8B0E-B022-4DB9-AE69-9C6731D51E67 
035 |a urn:nbn:sk:snk-km3m1o5 
035 |a urn:nbn:sk:snk-km00e4jn 
040 |a SNKLA  |b slo  |c SNKLA  |e AACR2 
041 0 |a slo 
044 |a xo  |c SK 
100 1 |a Socháň, Pavol,  |d 1862-1941  |4 pht  |9 40167 
245 1 0 |a [Vajanský, Svetozár Hurban]  |h grafika 
260 |a [S.l.  |b s.n.]  |c [1900] 
300 |a 1 fotografia  |b čb  |c 18 x12 cm 
520 2 |a Zobrazenie: Podobizeň s autogramom spisovateľa, literárneho vedca, redaktora, publicistu, politika, organizátora a ideológa slovenského národného hnutia Svetozára Hurbana Vajanského, asi z roku 1900 (16.1.1847 Hlboké - 17.8.1916 Martin). 
600 1 7 |a Vajanský, Svetozár Hurban,  |d 1847-1916  |2 SNKMA  |9 110614 
655 7 |a portrétne fotografie  |2 SNKLA  |9 305796 
852 7 |a Slovenská národná knižnica v Martine  |b Literárny archív 
958 |a ZO 
958 |a BLA 
999 |c 590010  |d 591940 
952 |a SNKLA  |b SNKLA  |c SNKLA_DEP  |y NEVYP  |7 0  |p 17A1008506  |o snkK 23/157  |i snkLA 2317/1982  |0 0  |1 0  |4 0  |d 2016-11-25  |f 1  |l 0  |r 2026-02-23 15:21:28  |w 2026-02-23